Southville International School and Colleges
Your cart is empty.
  • Cart
  • Lists
    Public lists Eva Luna New books Lux_list list_1
    Your lists Log in to create your own lists
  • Log in to your account
  • Your cookies
  • Search history
Southville International School and Colleges
  • Advanced search
  • Recent comments
  • Most popular
  • Libraries

Log in to your account

Log in with GOOGLE


If you do not have an external account, but do have a local account, you can still log in:

  1. Home
  2. MARC view: How to talk so teens will listen and listen so teens will talk
Normal view MARC view ISBD view

How to talk so teens will listen and listen so teens will talk (Record no. 365514)

[ view plain ]
MARC details
000 -LEADER
fixed length control field 00595nam a22001937a 4500
003 - CONTROL NUMBER IDENTIFIER
control field 0
005 - DATE AND TIME OF LATEST TRANSACTION
control field 20231010143521.0
008 - FIXED-LENGTH DATA ELEMENTS--GENERAL INFORMATION
fixed length control field 231010b xxu||||| |||| 00| 0 eng d
020 ## - INTERNATIONAL STANDARD BOOK NUMBER
International Standard Book Number 978-1-85340-857-1
050 ## - LIBRARY OF CONGRESS CALL NUMBER
Classification number HQ 799.15
Item number .F32 2005
100 ## - MAIN ENTRY--PERSONAL NAME
Personal name Faber, Adele
245 ## - TITLE STATEMENT
Title How to talk so teens will listen and listen so teens will talk
Statement of responsibility, etc Adele Faber
260 ## - PUBLICATION, DISTRIBUTION, ETC. (IMPRINT)
Place of publication, distribution, etc London
Name of publisher, distributor, etc Piccadilly Press
Date of publication, distribution, etc c2005.
300 ## - PHYSICAL DESCRIPTION
Extent xvii, 203 pages ;
Dimensions 20 cm.
500 ## - GENERAL NOTE
General note Parenting style.
504 ## - BIBLIOGRAPHY, ETC. NOTE
Bibliography, etc Includes bibliographical references and index.
650 ## - SUBJECT ADDED ENTRY--TOPICAL TERM
Topical term or geographic name as entry element Parenting style.
942 ## - ADDED ENTRY ELEMENTS (KOHA)
Source of classification or shelving scheme Library of Congress Classification
Koha item type Books
Holdings
Withdrawn status Lost status Source of classification or shelving scheme Damaged status Home library Current library Shelving location Date acquired Source of acquisition Sub Shelving location Total Checkouts Full call number Barcode Date last seen Price effective from Koha item type
    Library of Congress Classification   Luxembourg Library Luxembourg Library High School Section 10/10/2023 Library Fund     HQ 799.15 .F32 2005 21131 10/10/2023 10/10/2023 Books

How to talk so teens will listen and listen so teens will talk

APA

Faber A., . (2005). How to talk so teens will listen and listen so teens will talk. London: Piccadilly Press.

Chicago

Faber Adele, . 2005. How to talk so teens will listen and listen so teens will talk. London: Piccadilly Press.

Harvard

Faber A., . (2005). How to talk so teens will listen and listen so teens will talk. London: Piccadilly Press.

MLA

Faber Adele, . How to talk so teens will listen and listen so teens will talk. London: Piccadilly Press. 2005.

  • Place hold
  • Print
  • Cite
  • Add to your cart (remove)
  • Save record
    BIBTEX Dublin Core MARCXML MARC (non-Unicode/MARC-8) MARC (Unicode/UTF-8) MARC (Unicode/UTF-8, Standard) MODS (XML) RIS
  • More searches
    Search for this title in:
    Other Libraries (WorldCat) Other Databases (Google Scholar) Online Stores (Bookfinder.com) Open Library (openlibrary.org)

Exporting to Dublin Core...

SOUTHVILLE LIBRARY

Southville International School and Colleges Library

1281 Tropical Ave. Cor. Luxembourg St., BF Homes International, Las Pinas City

Tel. No. 8256374 / 252358 Loc. 117/146

Powered by Koha